|
|
|
|
| LEADER |
00000nam a2200000 i 4500 |
| 001 |
1/96878 |
| 008 |
991216s1999 eng d |
| 035 |
|
|
|l 10055927
|
| 040 |
|
|
|a GR-MY-UA
|b gre
|e aacr
|
| 041 |
0 |
|
|a eng
|
| 082 |
0 |
|
|a 387.5448
|
| 245 |
1 |
4 |
|a The reefer shipping :
|b confronting the competitive threat /
|c Drewry Shipping Consultants
|
| 260 |
|
|
|a London :
|b Drewry,
|c 1999
|
| 300 |
|
|
|a vi, 202 p.;
|b ill.;
|c 30 cm.
|
| 650 |
0 |
0 |
|a Containerization.
|
| 650 |
0 |
0 |
|a Refrigerator ships.
|
| 650 |
0 |
0 |
|a Market surveys.
|
| 710 |
2 |
|
|a Drewry Shipping Consultants.
|
| 852 |
|
|
|a INST
|b CHIOS
|e 19991216
|h 387.5448 REE
|p 005200019221
|q 005200019221
|t BK
|y 600
|
| 901 |
|
|
|a BIBL2-1999-3
|
| 909 |
|
|
|a Χ
|b 056033
|
| 922 |
|
|
|a 2ΕΛΗ
|b 199911
|c ΤΝΕΥ
|d ΠΑΠΑΣΩΤΗΡΙΟΥ
|
| 950 |
|
|
|a 125-1999-07-15
|
| 970 |
|
|
|z 2000/07/ELIDOC OK
|
| 970 |
|
|
|a ΣΠΕΝΤΖΑ
|b ΕΛΕΝΗ
|z 1999/12/21
|